Normal view
MARC view
- Sadaf Saleem . Supervisor: Dr. Jamil Ahmad.
Entry Personal Name
001 - CONTROL NUMBER
- control field: 12710
003 - CONTROL NUMBER IDENTIFIER
- control field: NUST
005 - DATE AND TIME OF LATEST TRANSACTION
- control field: 20181219063356.0
008 - FIXED-LENGTH DATA ELEMENTS
- fixed length control field: 181219|| aca||aabn | a|a d
040 ## - CATALOGING SOURCE
- Original cataloging agency: NUST
- Transcribing agency: NUST
100 ## - HEADING--PERSONAL NAME
- Personal name: Sadaf Saleem . Supervisor: Dr. Jamil Ahmad.
670 ## - SOURCE DATA FOUND
- Source citation: Work cat.: (NUST): Sadaf Saleem . Supervisor: Dr. Jamil Ahmad., MS/Thesis: Computational Modeling and Analysis of Hepatitis B Pathway in Liver Cancer Using Static Analysis Approach to Identify Potential Biomarkers and Drug Targets /, Oct,2018.
